Govt. of
Madhya Pradesh

संस्‍कृति संवाद (Record no. 68549)

MARC details
000 -LEADER
fixed length control field 00363nam a22001097a 4500
082 ## - DEWEY DECIMAL CLASSIFICATION NUMBER
Classification number 900
100 ## - MAIN ENTRY--AUTHOR NAME
Personal name राजपुरोहित, डा.भगवतीलाल
245 ## - TITLE STATEMENT
Title संस्‍कृति संवाद
260 ## - PUBLICATION, DISTRIBUTION, ETC. (IMPRINT)
Place of publication जयपुर
Name of publisher संकल्‍प प्रकाशन
Year of publication 2025
650 ## - SUBJECT ADDED ENTRY--TOPICAL TERM
Topical Term इतिहास
942 ## - ADDED ENTRY ELEMENTS (KOHA)
Koha item type Books
Holdings
Withdrawn status Lost status Damaged status Not for loan Home library Current library Date acquired Cost, normal purchase price Full call number Accession Number Price effective from Koha item type
        MACL MACL 08/01/2026 595.00 900 CRH038958 08/01/2026 Books